Taiwán : una crisis en gestación /
Salvato in:
| Autore principale: | |
|---|---|
| Natura: | Elettronico eBook |
| Lingua: | spagnolo |
| Pubblicazione: |
Madrid :
Editorial Popular,
[2020]
|
| Serie: | Qué sabes de... ;
10. |
| Soggetti: | |
| Accesso online: | Digitalia Hispánica |
| Tags: |
Aggiungi Tag
Nessun Tag, puoi essere il primo ad aggiungerne!!
|
MARC
| LEADER | 00000nam a2200000Ii 4500 | ||
|---|---|---|---|
| 001 | DIGPOPL0202 | ||
| 003 | NyNyDIG | ||
| 006 | m o d | ||
| 007 | cr ||||||||||| | ||
| 008 | 240710s2020 sp ob 000 0 spa d | ||
| 035 | |a (OCoLC)1449536334 | ||
| 040 | |a DGITA |b eng |e rda |e pn |c DGITA | ||
| 020 | |z 9788478848188 | ||
| 043 | |a a-ch--- | ||
| 050 | 1 | 4 | |a DS799.83 ebook |
| 100 | 1 | |a Ríos, Xulio, |d 1958- |e author. | |
| 245 | 1 | 0 | |a Taiwán : |b una crisis en gestación / |c Xulio Ríos. |
| 264 | 1 | |a Madrid : |b Editorial Popular, |c [2020] | |
| 300 | |a 1 online resource. | ||
| 336 | |a text |b txt |2 rdacontent | ||
| 337 | |a computer |b c |2 rdamedia | ||
| 338 | |a online resource |b cr |2 rdacarrier | ||
| 347 | |a text file |2 rdaft | ||
| 347 | |b PDF | ||
| 490 | 1 | |a [Qué sabes de...] | |
| 504 | |a Includes bibliographical references. | ||
| 588 | 0 | |a Online resource; title from PDF title page (Digitalia, viewed July 10, 2024) | |
| 651 | 0 | |a Taiwan |x Politics and government |y 1975- | |
| 791 | 2 | |a Digitalia (Firm), |e distributor. | |
| 793 | 0 | |g Digitalia eBook Collection: |a Editorial Popular | |
| 776 | 0 | 8 | |i Print version: |a Ríos, Xulio, 1958- |t Taiwán. |d Madrid : Editorial Popular, [2020] |z 9788478848188 |
| 830 | 0 | |a Qué sabes de... ; |v 10. | |
| 856 | 4 | 0 | |3 Digitalia Hispánica |u https://digitalia.unach.elogim.com/a/155681/ |
| 910 | |a Premium collection: 2024 | ||